Cálculo y reducción de la huella de carbono en materiales de construcción de viviendas de interés social
Gespeichert in:
| 1. Verfasser: | |
|---|---|
| Format: | Buch |
| Veröffentlicht: |
[San José, Costa Rica]
2014
|
| Schlagworte: | |
| Tags: |
Tag hinzufügen
Keine Tags, Fügen Sie den ersten Tag hinzu!
|
MARC
| LEADER | 00000nam a22000007a 4500 | ||
|---|---|---|---|
| 003 | 012102 | ||
| 005 | 20230131134718.0 | ||
| 008 | 150216b2014 cr a|||| |||| 00| 0 s d | ||
| 040 | |c cru CEDI | ||
| 090 | |a TFG 7268 | ||
| 100 | |a Rapso Brenes, Luis Arturo, 1962- |d Director del TFG |9 26 | ||
| 245 | |a Cálculo y reducción de la huella de carbono en materiales de construcción de viviendas de interés social | ||
| 260 | |a [San José, Costa Rica] |c 2014 | ||
| 500 | |a Proyecto de graduación (licenciatura en ingeniería civil)--Universidad de Costa Rica. Facultad de Ingeniería. Escuela de Ingeniería Civil | ||
| 650 | |x GESTION AMBIENTAL |x MATERIALES DE CONSTRUCCION |x CONSTRUCCION DE VIVIENDAS |x GASES DEL EFECTO INVERNADERO |x DIOXIDO DE CARBONO |x MEDICIONES |x EVALUACION DEL IMPACTO AMBIENTAL |9 27 | ||
| 942 | |c TFG | ||
| 999 | |c 13373 |d 13373 | ||
